| 000 | 00503nam a2200181Ia 4500 | ||
|---|---|---|---|
| 005 | 20250508151035.0 | ||
| 008 | 008 250505s9999 xx 000 0 eng d | ||
| 037 | _aTextual | ||
| 040 |
_aFEDL _beng _cFEDL |
||
| 041 |
_aeng _2eng |
||
| 084 |
_a371.33, POR _qFEDL |
||
| 100 |
_aPorter Alfred _9758269 |
||
| 245 | 0 | _aNew visual education techniques | |
| 260 |
_aMinnesota _bBurgess Publishing Company |
||
| 300 | _aiii,79p. | ||
| 942 |
_cTEXL _h371.33, POR |
||
| 999 |
_c1327218 _d1327218 |
||